000 00744nam a2200193 a 4500
001 000042960
005 20201002040530.0
008 140213s2005 sp 000 0 spa d
020 _a8484562182
040 _aDO-SdBNP
_bspa
_cBNPHU
245 0 0 _aManual de Derecho procesal penal Nicaragüense /
_cCésar R. Crisóstomo Barrientos Pellecer ... [et al.] ; cordinadores José María Tijerino Pacheco, Juan Luis Gómez Colomer.
260 _aValencia :
_bTirant lo Blanch,
_c2005.
300 _a621 p. ;
_c24 cm.
490 1 _aManueales
700 1 _aBarrientos Pellecer, César R. Crisóstomo
_970450
700 1 _aTijerino Pacheco, José María
_ecoor.
_970451
700 1 _aGómez Colomer, Juan Luis
_ecoor.
_970452
830 0 _aManueales
_935652
999 _c42449
_d42449